Flesh and Bones of Medical Pharmacology. (Record no. 4376)

MARC details
000 -LEADER
fixed length control field 00519nam a22001937a 4500
003 - CONTROL NUMBER IDENTIFIER
control field OSt
005 - DATE AND TIME OF LATEST TRANSACTION
control field 20160616143821.0
008 - FIXED-LENGTH DATA ELEMENTS--GENERAL INFORMATION
fixed length control field 160616b xxu||||| |||| 00| 0 eng d
020 ## - INTERNATIONAL STANDARD BOOK NUMBER
International Standard Book Number 9780723433538
040 ## - CATALOGING SOURCE
Transcribing agency DNLM.
082 ## - DEWEY DECIMAL CLASSIFICATION NUMBER
Classification number QV239S46f 2008.
100 ## - MAIN ENTRY--PERSONAL NAME
Personal name Spina, Domenico;
9 (RLIN) 9420
245 ## - TITLE STATEMENT
Title Flesh and Bones of Medical Pharmacology.
260 ## - PUBLICATION, DISTRIBUTION, ETC. (IMPRINT)
Place of publication, distribution, etc. Edinburgh.
Name of publisher, distributor, etc. Mosby.
Date of publication, distribution, etc. 2008.
300 ## - PHYSICAL DESCRIPTION
Extent 142p;
Other physical details col,ill;
Dimensions 30cm.
504 ## - BIBLIOGRAPHY, ETC. NOTE
Bibliography, etc includes index and Glossary.
650 ## - SUBJECT ADDED ENTRY--TOPICAL TERM
Topical term or geographic name as entry element Pharmacology.
9 (RLIN) 357
942 ## - ADDED ENTRY ELEMENTS (KOHA)
Source of classification or shelving scheme Other/Generic Classification Scheme
Koha item type Open Shelf
Holdings
Withdrawn status Lost status Source of classification or shelving scheme Damaged status Not for loan Home library Current library Date acquired Source of acquisition Inventory number Total Checkouts Full call number Barcode Date last seen Date last checked out Price effective from Koha item type
    Other/Generic Classification Scheme     MUST Main Library MUST Main Library 16/06/2016   10/32574 1 QV239S46f 2008. 2016-2532 19/09/2016 08/09/2016 16/06/2016 Open Shelf